[Event "Malaysian Open"]
[Site "Kuala Lumpur MAS"]
[Date "2011.08.18"]
[Round "1.32"]
[White "Wolfaardt, Francois"]
[Black "Wang, Jue"]
[Result "0-1"]
[WhiteElo "1780"]
[BlackElo "2294"]
[WhiteFideId "14302578"]
[BlackFideId "8604070"]
[EventDate "2011.08.18"]

1. b3 Nf6 2. Bb2 e6 3. Nf3 d5 4. e3 c5 5. Bb5+ Nc6 6. Ne5 Qc7 7. O-O Bd6 8. Ng4
Nxg4 9. Qxg4 Bxh2+ 10. Kh1 Be5 11. Bxc6+ bxc6 12. d4 Bf6 13. Ba3 cxd4 14. exd4
h5 15. Qe2 Bxd4 16. c3 Be5 17. Rc1 h4 18. Nd2 h3 19. g3 Bd7 20. Nf3 Bf6 21. Nd4
c5 22. Nb5 Qc6 23. Nd4 cxd4 24. cxd4 Qb5 25. Qxb5 Bxb5 26. Bc5 Kd7 27. f4 h2 28.
Kg2 Bd3 29. Re1 h1=Q+ 30. Rxh1 Be4+ 0-1

[Event "Malaysian Open"]
[Site "Kuala Lumpur MAS"]
[Date "2011.08.18"]
[Round "1.33"]
[White "Wallis, Christopher"]
[Black "Loh, Zachary"]
[Result "1-0"]
[WhiteTitle "FM"]
[WhiteElo "2287"]
[BlackElo "1769"]
[WhiteFideId "3204839"]
[BlackFideId "3210383"]
[EventDate "2011.08.18"]

1. e4 e6 2. d4 d5 3. Nc3 Bb4 4. e5 c5 5. a3 Bxc3+ 6. bxc3 Qc7 7. Qg4 f5 8. Qg3
cxd4 9. cxd4 Ne7 10. Ne2 O-O 11. c3 b6 12. Nf4 Qd7 13. a4 Ba6 14. Bb5 Nec6 15.
h4 Bxb5 16. axb5 Na5 17. h5 Nb3 18. h6 Nxa1 19. hxg7 Rf7 20. Rxh7 Nc2+ 21. Kd1
Kxh7 22. g8=Q+ 1-0

[Event "Malaysian Open"]
[Site "Kuala Lumpur MAS"]
[Date "2011.08.18"]
[Round "1.34"]
[White "Camilia, Bt. Johari"]
[Black "Yee, Soon Wei"]
[Result "0-1"]
[BlackTitle "FM"]
[WhiteElo "1753"]
[BlackElo "2281"]
[WhiteFideId "5704677"]
[BlackFideId "10500553"]
[EventDate "2011.08.18"]

1. d4 Nf6 2. Nf3 g6 3. c4 Bg7 4. Nc3 d5 5. Bg5 Ne4 6. Bh4 Nxc3 7. bxc3 dxc4 8.
Qa4+ Qd7 9. Qxc4 b6 10. e3 Ba6 11. Qb3 Bxf1 12. Kxf1 O-O 13. Ke2 c5 14. Rhd1
cxd4 15. cxd4 Nc6 16. Kf1 Rac8 17. Rac1 Na5 18. Qa3 e6 19. Nd2 Rxc1 20. Rxc1 e5
21. Ne4 f5 22. Nc3 exd4 23. exd4 Qxd4 24. Bg5 Qd3+ 25. Kg1 h6 26. Be7 Re8 27.
Bb4 Nc6 28. Qb3+ Kh7 29. h3 Nxb4 30. Qxb4 Rc8 31. Rd1 Qxc3 32. Qe7 Rc7 33. Qe6
Qc2 34. Rd6 Qc1+ 35. Kh2 Qf4+ 0-1

[Event "Malaysian Open"]
[Site "Kuala Lumpur MAS"]
[Date "2011.08.18"]
[Round "1.35"]
[White "Nguyen, Thi Mai Hung"]
[Black "Narayanan, Renitha"]
[Result "1-0"]
[WhiteTitle "WIM"]
[WhiteElo "2276"]
[BlackElo "1717"]
[WhiteFideId "12401676"]
[BlackFideId "5702909"]
[EventDate "2011.08.18"]

1. d4 Nf6 2. Bf4 e6 3. e3 b6 4. Nf3 Bb7 5. Bd3 Be7 6. h3 d5 7. O-O O-O 8. Nbd2
Nbd7 9. c3 c5 10. Qe2 Ne4 11. Rfd1 f5 12. Ne5 Nxe5 13. Bxe5 Qe8 14. f3 Nxd2 15.
Rxd2 Qh5 16. e4 Bg5 17. f4 Qxe2 18. Bxe2 Be7 19. exf5 exf5 20. dxc5 Bxc5+ 21.
Kh2 Rad8 22. Bf3 Rd7 23. Rad1 Rfd8 24. c4 d4 25. Bxb7 Rxb7 26. a3 a5 27. Bxd4
Rbd7 28. Bc3 Rxd2 29. Rxd2 Rxd2 30. Bxd2 a4 31. Bc3 Kf7 32. Kg3 g6 33. Kf3 h5
34. Be5 Ke6 35. Ke2 Kd7 36. Kd3 Kc6 37. Kc3 b5 38. Bd4 Bd6 39. Be3 h4 40. Bc1
Kc5 41. b4+ axb3 42. Be3+ Kc6 43. cxb5+ Kxb5 44. Kxb3 Bc7 45. a4+ Kc6 46. Kc4
Ba5 47. Bc1 Bb6 48. Bd2 Ba7 49. a5 Kd6 50. Bc3 Kc6 51. Bd4 Bb8 52. Be3 Bd6 53.
a6 Bc7 54. a7 Kb7 55. Kd5 Ba5 56. Ke6 Bd8 57. Kf7 g5 58. fxg5 f4 59. Bxf4 Kxa7
60. g6 1-0

[Event "Malaysian Open"]
[Site "Kuala Lumpur MAS"]
[Date "2011.08.18"]
[Round "1.36"]
[White "Kumar, Sri Shiva"]
[Black "Wang, Yiye"]
[Result "1-0"]
[WhiteElo "1705"]
[BlackElo "2262"]
[WhiteFideId "5703808"]
[BlackFideId "8606021"]
[EventDate "2011.08.18"]

1. d4 Nf6 2. c4 c5 3. Nf3 cxd4 4. Nxd4 b6 5. Bf4 Bb7 6. e3 d6 7. Bg3 Nbd7 8. Nc3
a6 9. f3 Rc8 10. Be2 g6 11. O-O Bg7 12. Rc1 O-O 13. e4 Bh6 14. Rc2 Nh5 15. Bf2
Nf4 16. Nb3 Nc5 17. Nxc5 bxc5 18. Nd5 Ne6 19. b3 Bg7 20. Rd2 Nd4 21. Bxd4 Bxd4+
22. Rxd4 cxd4 23. Qxd4 Bxd5 24. exd5 Qa5 25. Ra1 Qc5 26. Qxc5 dxc5 27. f4 Rfd8
28. Rd1 a5 29. Rd3 Rd6 30. Bg4 Ra8 31. Re3 Kf8 32. Bf3 Ra7 33. Kf2 a4 34. Bd1
axb3 35. Bxb3 e6 36. g4 Rc7 37. Rc3 Ke7 38. Ke3 Rc8 39. Kf3 Rb6 40. Re3 1-0

[Event "Malaysian Open"]
[Site "Kuala Lumpur MAS"]
[Date "2011.08.18"]
[Round "1.37"]
[White "Lim, Yee-Weng"]
[Black "Karunanayake, Mayuri"]
[Result "1-0"]
[WhiteTitle "IM"]
[WhiteElo "2253"]
[BlackElo "1667"]
[WhiteFideId "5700590"]
[BlackFideId "9900390"]
[EventDate "2011.08.18"]

1. Nf3 Nf6 2. g3 d5 3. Bg2 c6 4. O-O Bg4 5. Ne5 Bh5 6. b3 Nbd7 7. Bb2 Nxe5 8.
Bxe5 e6 9. d3 Bd6 10. Bb2 O-O 11. c4 Re8 12. Re1 Be7 13. Nd2 Nd7 14. Rb1 Bf6 15.
b4 Qb6 16. b5 Qa5 17. Bxf6 Nxf6 18. Qc2 Rab8 19. Nb3 Qc7 20. Rbc1 cxb5 21. cxb5
Qxc2 22. Rxc2 Rec8 23. Rec1 Rxc2 24. Rxc2 Kf8 25. Kf1 Ke8 26. Ke1 Kd8 27. Na5
Kd7 28. Kd2 Ng4 29. Bf3 Nf6 30. Bxh5 Nxh5 31. e4 dxe4 32. dxe4 Nf6 33. f3 e5 34.
Ke3 Ng8 35. f4 exf4+ 36. gxf4 Ne7 37. Rd2+ Kc7 38. Rc2+ Kd7 39. e5 b6 40. Nc6
Nxc6 41. Rxc6 Re8 42. Kd4 Re6 43. Kd5 g6 44. Rc3 Re7 45. Rh3 h5 46. f5 Ke8 47.
fxg6 Rd7+ 48. Kc6 fxg6 49. Ra3 Re7 50. Kd6 Rd7+ 51. Ke6 g5 52. h3 g4 53. hxg4
hxg4 54. Kf5 Rg7 55. Rg3 Ke7 56. Rxg4 Rf7+ 57. Ke4 Rf2 58. a4 Re2+ 59. Kd5 Rd2+
60. Kc6 Ke6 61. Rg7 Rc2+ 62. Kb7 Rc4 63. Kxa7 Rxa4+ 64. Kxb6 Kxe5 65. Kc5 Ke6
66. b6 Ra2 67. b7 Rb2 68. Rg6+ Kd7 69. Rb6 Rxb6 70. Kxb6 1-0

[Event "Malaysian Open"]
[Site "Kuala Lumpur MAS"]
[Date "2011.08.18"]
[Round "1.38"]
[White "Tan, Fischer"]
[Black "Mariano, Nelson III"]
[Result "0-1"]
[WhiteElo "1560"]
[BlackElo "2242"]
[WhiteFideId "5803187"]
[BlackFideId "5201748"]
[EventDate "2011.08.18"]

1. g3 Nf6 2. b3 e5 3. Bg2 Bc5 4. Bb2 d6 5. d4 exd4 6. Bxd4 Bxd4 7. Qxd4 Nc6 8.
Qa4 O-O 9. Bxc6 bxc6 10. Qxc6 Rb8 11. Qg2 Re8 12. Nd2 Qe7 13. O-O-O Qe5 14. Kb1
Nd5 15. Nc4 Nc3+ 16. Ka1 Qf6 17. Qf3 Nxd1+ 18. Qxf6 gxf6 19. Nf3 Nxf2 20. Rf1
Ne4 21. Nd4 Bd7 22. a4 Bxa4 23. bxa4 Rb4 24. Nxd6 Reb8 25. N6b5 Rxa4+ 26. Kb1
Rxd4 0-1

[Event "Malaysian Open"]
[Site "Kuala Lumpur MAS"]
[Date "2011.08.18"]
[Round "1.45"]
[White "Li, Panru"]
[Black "Salvador, Roland"]
[Result "0-1"]
[BlackTitle "GM"]
[WhiteElo "2135"]
[BlackElo "2527"]
[WhiteFideId "8600880"]
[BlackFideId "5201047"]
[EventDate "2011.08.18"]

1. d4 d5 2. c4 c6 3. Nf3 Nf6 4. e3 g6 5. Nc3 Bg7 6. Bd3 O-O 7. O-O Bg4 8. h3
Bxf3 9. Qxf3 Na6 10. Rd1 Nc7 11. Bd2 Re8 12. cxd5 Nfxd5 13. Bc4 e6 14. Rac1 Qe7
15. Bb3 Rad8 16. e4 Nxc3 17. bxc3 Rd7 18. Be3 Red8 19. Qg3 h6 20. Rd3 Nb5 21. a4
Nd6 22. Qf3 Ne8 23. Rcd1 Nc7 24. c4 Na6 25. d5 c5 26. a5 Rd6 27. e5 Bxe5 28.
Bxh6 Bd4 29. Re1 e5 30. Bd2 Rf6 31. Qg4 Bxf2+ 32. Kh2 Bxe1 33. Bxe1 Rf4 34. Qe2
Qf6 35. Bg3 Rf5 36. Re3 Re8 37. Bc2 Rh5 38. Ba4 Re7 39. Qd2 Qd6 40. Qc3 f6 41.
Bd1 Rh8 42. Qd3 Kg7 43. Bc2 Rh6 44. Qc3 Nb8 45. Re1 Nd7 46. Ba4 Rh8 47. Qb2 Rb8
48. Qc3 b6 49. a6 Rbe8 50. Qb2 Kg8 51. Qd2 Kg7 52. Qc3 Rh8 53. Qb2 Nf8 54. Qc3
Nh7 55. Bc2 Ng5 56. Qd3 f5 57. Qc3 Nf7 58. Ba4 Kg8 59. Re2 f4 60. Be1 e4 61. Kg1
f3 62. Rf2 Ne5 0-1

[Event "Malaysian Open"]
[Site "Kuala Lumpur MAS"]
[Date "2011.08.18"]
[Round "1.46"]
[White "Barbosa, Oliver"]
[Black "Iuldachev, Saidali"]
[Result "1-0"]
[WhiteTitle "IM"]
[BlackTitle "GM"]
[WhiteElo "2514"]
[BlackElo "2482"]
[WhiteFideId "5201640"]
[BlackFideId "14200104"]
[EventDate "2011.08.18"]

1. d4 d5 2. c4 e6 3. Nf3 c5 4. cxd5 exd5 5. g3 Nc6 6. Bg2 Nf6 7. O-O Be7 8. Nc3
O-O 9. Bg5 cxd4 10. Nxd4 h6 11. Be3 Re8 12. Qb3 Na5 13. Qc2 Bg4 14. Rad1 Rc8 15.
h3 Bh5 16. Nf5 Bg6 17. Nxe7+ Rxe7 18. Qa4 Rxe3 19. fxe3 Nc4 20. Qxa7 Qe7 21.
Rxf6 Qxf6 22. Nxd5 Qe5 23. Qd4 Qxg3 24. b3 Re8 25. bxc4 Be4 26. Nf4 g5 27. Qg7+
Kxg7 28. Nh5+ 1-0

[Event "Malaysian Open"]
[Site "Kuala Lumpur MAS"]
[Date "2011.08.18"]
[Round "1.47"]
[White "Tan, Justin2"]
[Black "Muminova, Nafisa"]
[Result "0-1"]
[BlackTitle "WIM"]
[WhiteElo "2161"]
[BlackElo "2319"]
[WhiteFideId "3206882"]
[BlackFideId "14201526"]
[EventDate "2011.08.18"]

1. e4 e6 2. d4 d5 3. Nc3 Nf6 4. e5 Nfd7 5. f4 c5 6. Nf3 Nc6 7. Be3 Qb6 8. Na4
Qa5+ 9. c3 b6 10. a3 c4 11. b4 cxb3 12. Qxb3 Ba6 13. Kf2 Rc8 14. Nb2 Bxf1 15.
Rhxf1 Qa6 16. f5 Be7 17. Kg1 O-O 18. Bg5 h6 19. Bd2 Rfd8 20. Qc2 b5 21. fxe6
fxe6 22. Bxh6 Nf8 23. Be3 Na5 24. Bg5 Qb7 25. Qf2 Nb3 26. Rae1 Nh7 27. Be3 Rxc3
28. Qg3 Bxa3 29. Nd1 Rc6 30. Ng5 Rf8 31. Nxh7 Kxh7 32. Bf2 Bb4 33. Qxb3 Bxe1 34.
Rxe1 a5 35. Nc3 Rb8 36. Rb1 Qc8 37. Be1 Kg8 38. Na4 Rc4 39. Nb2 Rc1 40. Nd3 Rxb1
41. Qxb1 Qc4 42. Nc5 Qxd4+ 43. Bf2 Qg4 44. h3 Qf5 45. Qb2 b4 46. Qa2 Ra8 47. Bd4
a4 48. Nxa4 Qd3 49. Qa1 Qc2 50. Qb2 Qxa4 51. Qd2 b3 0-1

[Event "Malaysian Open"]
[Site "Kuala Lumpur MAS"]
[Date "2011.08.18"]
[Round "1.48"]
[White "Kia, Fatemeh"]
[Black "Tan, Li Ting"]
[Result "0-1"]
[WhiteElo "1772"]
[BlackElo "1846"]
[WhiteFideId "12507580"]
[BlackFideId "5704820"]
[EventDate "2011.08.18"]

1. d4 d5 2. Nf3 Nf6 3. e3 Nc6 4. c3 Bg4 5. Bd3 Bxf3 6. Qxf3 e5 7. Qe2 Bd6 8. Nd2
O-O 9. dxe5 Nxe5 10. Bc2 Re8 11. Nf3 Nxf3+ 12. gxf3 Qe7 13. Bd2 c6 14. O-O-O b5
15. Rdg1 Kh8 16. Rg2 a6 17. Rhg1 Rg8 18. Qd3 c5 19. Bb1 Qe6 20. e4 Rae8 21. Bg5
dxe4 22. fxe4 Nxe4 23. Re1 f5 24. Re3 c4 25. Qe2 Bc5 26. Qh5 Bxe3+ 27. Bxe3 g6
28. Qh4 Nf6 29. Rg1 Qf7 30. Bd4 Re6 31. f4 Rd8 32. Rd1 Rdd6 33. Bc2 Kg8 34. b3
Ng4 35. Qg3 Re8 36. h3 Nf6 37. Rg1 Ne4 38. Qg2 Qd7 39. h4 Rxd4 40. cxd4 Qxd4 41.
Bxe4 Qxe4 42. Qd2 cxb3 43. axb3 Qe3 44. Qxe3 Rxe3 45. Kc2 Rh3 46. Ra1 Rxh4 47.
Rxa6 Rxf4 48. Rb6 b4 49. Rc6 Re4 50. Rc4 Kf7 51. Kd3 Rxc4 52. bxc4 Ke6 0-1

[Event "Malaysian Open"]
[Site "Kuala Lumpur MAS"]
[Date "2011.08.18"]
[Round "2.1"]
[White "Jia, Haoxiang"]
[Black "Wen, Yang"]
[Result "1/2-1/2"]
[BlackTitle "GM"]
[WhiteElo "2369"]
[BlackElo "2558"]
[WhiteFideId "8602999"]
[BlackFideId "8602956"]
[EventDate "2011.08.18"]

1. Nf3 Nf6 2. c4 g6 3. Nc3 Bg7 4. d4 O-O 5. g3 d6 6. Bg2 Nc6 7. O-O Rb8 8. b3 a6
9. Bb2 b5 10. cxb5 axb5 11. Rc1 b4 12. Na4 Na7 13. Ne1 Ba6 14. Nd3 Qd7 15. Qd2
Bb5 16. Nxb4 Bxa4 17. bxa4 Qxa4 18. a3 Rfc8 19. Bc6 Qa5 20. Rc2 Rb6 21. Qe3 e6
22. Rfc1 Kf8 23. Qf3 Nxc6 24. Rxc6 Rxc6 25. Qxc6 Ne8 26. Na6 Ke7 27. Qb7 Kd8 28.
Nb4 Qb6 29. Qf3 Ke7 30. d5 e5 31. Rc6 Qb5 32. Bc1 Kf8 33. h4 h5 34. Bg5 Ra8 35.
e4 Kg8 36. Kg2 Qa4 1/2-1/2

[Event "Malaysian Open"]
[Site "Kuala Lumpur MAS"]
[Date "2011.08.18"]
[Round "2.2"]
[White "Ikeda, Junta"]
[Black "Cao, Sang"]
[Result "0-1"]
[WhiteTitle "FM"]
[BlackTitle "GM"]
[WhiteElo "2349"]
[BlackElo "2533"]
[WhiteFideId "3204731"]
[BlackFideId "725056"]
[EventDate "2011.08.18"]

1. e4 e6 2. Qe2 c5 3. Nf3 Nc6 4. g3 Be7 5. Bg2 d5 6. d3 Nf6 7. O-O b6 8. Re1 Bb7
9. e5 Nd7 10. h4 h6 11. h5 b5 12. b3 b4 13. Bf4 Nb6 14. c4 bxc3 15. Nxc3 Ba6 16.
a3 Rc8 17. Rec1 O-O 18. Bh3 Re8 19. Qd2 Rc7 20. Kh2 Rd7 21. g4 c4 22. Rg1 d4 23.
Ne4 c3 24. Qe2 Nd5 25. Bc1 Qb8 26. Ng3 Bg5 27. Nxg5 hxg5 28. Bxg5 Qxe5 29. Qxe5
Nxe5 30. Kh1 Nxd3 31. Bf1 f6 32. Bxd3 Bxd3 33. Bc1 Bc2 0-1

[Event "Malaysian Open"]
[Site "Kuala Lumpur MAS"]
[Date "2011.08.18"]
[Round "2.3"]
[White "Laylo, Darwin"]
[Black "Sharma, Dinesh K."]
[Result "1/2-1/2"]
[WhiteTitle "GM"]
[BlackTitle "IM"]
[WhiteElo "2528"]
[BlackElo "2350"]
[WhiteFideId "5201330"]
[BlackFideId "5004110"]
[EventDate "2011.08.18"]

1. d4 Nf6 2. c4 g6 3. g3 Bg7 4. Bg2 c5 5. d5 d6 6. Nc3 O-O 7. Nf3 e6 8. O-O exd5
9. cxd5 Na6 10. Nd2 Nc7 11. a4 Nfe8 12. Nc4 b6 13. Qc2 f5 14. b3 Ba6 15. Bb2 Nf6
16. Rad1 Re8 17. Rfe1 Qd7 18. Bh3 Qe7 19. Bg2 Qd7 20. Bh3 Qe7 1/2-1/2

[Event "Malaysian Open"]
[Site "Kuala Lumpur MAS"]
[Date "2011.08.18"]
[Round "2.4"]
[White "Salvador, Roland"]
[Black "Cheng, Bobby"]
[Result "1/2-1/2"]
[WhiteTitle "GM"]
[BlackTitle "FM"]
[WhiteElo "2527"]
[BlackElo "2323"]
[WhiteFideId "5201047"]
[BlackFideId "4300033"]
[EventDate "2011.08.18"]

1. d4 e6 2. c4 f5 3. Nc3 Nf6 4. Nf3 Bb4 5. Qb3 a5 6. g3 Qe7 7. a3 Bxc3+ 8. Qxc3
a4 9. Bg2 d6 10. O-O O-O 11. Re1 Nbd7 12. Qc2 g6 13. Bh6 Re8 14. h3 e5 15. dxe5
dxe5 16. Rad1 Nc5 17. Ng5 c6 18. Qc3 Ra6 19. e4 fxe4 20. Re3 Rb6 21. Nxe4 Nfxe4
22. Bxe4 Rb3 23. Qc2 Rxe3 24. Bxe3 Nxe4 25. Qxe4 Bxh3 26. c5 Bf5 27. Qxa4 Be6
28. Rd6 Bd5 29. Qg4 Qf7 30. Bh6 Be6 31. Qh4 Qf3 32. Qe7 Qf7 33. Qh4 Qf3 34. Qd8
Bf7 35. Qc7 Qh5 36. Rd7 Qxh6 37. Rxf7 Rf8 38. Re7 e4 39. Qxb7 Qc1+ 40. Kg2 Rxf2+
41. Kxf2 Qd2+ 42. Kf1 Qd1+ 43. Kg2 Qe2+ 44. Kh3 Qh5+ 45. Kg2 Qe2+ 1/2-1/2

[Event "Malaysian Open"]
[Site "Kuala Lumpur MAS"]
[Date "2011.08.18"]
[Round "2.5"]
[White "Lu, Shanglei"]
[Black "Pitra, Andika"]
[Result "1-0"]
[WhiteTitle "IM"]
[WhiteElo "2526"]
[BlackElo "2303"]
[WhiteFideId "8603332"]
[BlackFideId "7103255"]
[EventDate "2011.08.18"]

1. e4 c5 2. Nf3 d6 3. d4 cxd4 4. Nxd4 Nf6 5. f3 Nc6 6. c4 Qb6 7. Nc2 g6 8. Nc3
Bg7 9. Rb1 Ng4 10. Qd2 Bh6 11. Qe2 Bxc1 12. Nd5 Qd8 13. Rxc1 Nge5 14. Qd2 O-O
15. Be2 a5 16. O-O Be6 17. f4 Nd7 18. f5 Bxd5 19. exd5 Nce5 20. Nd4 Qb6 21. Kh1
Nf6 22. fxg6 hxg6 23. Rcd1 Rfc8 24. Qg5 Kf8 25. Qh6+ Ke8 26. c5 Rxc5 27. Bb5+
Rxb5 28. Nxb5 Rd8 29. Qh8+ Kd7 30. Qh3+ Nfg4 31. a4 f5 32. Rc1 Rf8 33. Rc7+ Kd8
34. Qh4 Nf6 35. Qh6 Re8 36. Rfc1 Nxd5 37. Rc8+ Kd7 38. Rxe8 Kxe8 39. Qg7 Kd7 40.
Qg8 1-0

[Event "Malaysian Open"]
[Site "Kuala Lumpur MAS"]
[Date "2011.08.18"]
[Round "2.7"]
[White "Ju, Wenjun"]
[Black "Wallis, Christopher"]
[Result "1/2-1/2"]
[WhiteTitle "WGM"]
[BlackTitle "FM"]
[WhiteElo "2515"]
[BlackElo "2287"]
[WhiteFideId "8603006"]
[BlackFideId "3204839"]
[EventDate "2011.08.18"]

1. d4 d5 2. c4 c6 3. Nc3 dxc4 4. e4 b5 5. a4 b4 6. Na2 Nf6 7. e5 Nd5 8. Bxc4 e6
9. Nf3 a5 10. O-O Ba6 11. Bg5 Qb6 12. Bxa6 Qxa6 13. Nc1 h6 14. Bh4 c5 15. dxc5
Bxc5 16. Nb3 Ba7 17. Nfd4 Bxd4 18. Qxd4 Nd7 19. f4 O-O 20. Rac1 Rfc8 21. Bf2
Rxc1 22. Rxc1 Rc8 23. Rxc8+ Qxc8 24. g3 Qc2 25. Nxa5 Qxa4 26. Nc4 Qc2 27. Nd6 b3
28. Qa7 Qd1+ 29. Kg2 Qe2 30. Kg1 Qd1+ 31. Kg2 Qe2 32. Kg1 Qd1+ 33. Kg2 Qg4 34.
Kf1 Qf3 35. Kg1 Qd1+ 36. Kg2 Qg4 37. Kf1 Qf3 38. Kg1 Qd1+ 39. Kg2 Qg4 40. Kf1
Qf3 41. Kg1 Qd1+ 42. Kg2 Qg4 43. Kf1 Qd1+ 1/2-1/2

[Event "Malaysian Open"]
[Site "Kuala Lumpur MAS"]
[Date "2011.08.18"]
[Round "2.8"]
[White "Olay, Edgar Reggie"]
[Black "Barbosa, Oliver"]
[Result "0-1"]
[BlackTitle "IM"]
[WhiteElo "2303"]
[BlackElo "2514"]
[WhiteFideId "5206189"]
[BlackFideId "5201640"]
[EventDate "2011.08.18"]

1. d4 d5 2. c4 c6 3. Nf3 Nf6 4. Nc3 dxc4 5. a4 Bf5 6. e3 e6 7. Bxc4 Bb4 8. O-O
O-O 9. Qe2 Nbd7 10. e4 Bg6 11. e5 Nd5 12. Nxd5 cxd5 13. Bd3 Bh5 14. h3 Rc8 15.
g4 Bg6 16. Bxg6 hxg6 17. Be3 Qb6 18. Rfc1 Nb8 19. Qb5 Nc6 20. Qxb6 axb6 21. Kf1
Ra8 22. b3 Ra5 23. Ra2 Rfa8 24. Kg2 b5 25. Rca1 Kf8 26. h4 Ke8 27. Kg3 Kd7 28.
h5 gxh5 29. gxh5 Ne7 30. Kg4 bxa4 31. Rxa4 Rxa4 32. Rxa4 Rxa4 33. bxa4 Nc8 34.
Bd2 Ba3 35. Bc3 Nb6 36. a5 Nc8 37. Ng5 Ke8 38. f4 Ne7 39. Nf3 Nf5 40. Nh4 Nh6+
41. Kf3 Kd7 42. Bd2 Be7 43. Ng2 Nf5 44. Bc3 g6 45. hxg6 fxg6 46. Ne1 Kc6 47. Ke2
Kb5 48. Nd3 Kc4 49. Kd2 Ba3 50. Ne1 Nxd4 51. Ng2 Nf5 52. Kc2 Bc5 0-1

[Event "Malaysian Open"]
[Site "Kuala Lumpur MAS"]
[Date "2011.08.18"]
[Round "2.9"]
[White "Dao, Thien Hai"]
[Black "Nguyen, Thi Mai Hung"]
[Result "1-0"]
[WhiteTitle "GM"]
[BlackTitle "WIM"]
[WhiteElo "2492"]
[BlackElo "2276"]
[WhiteFideId "12400084"]
[BlackFideId "12401676"]
[EventDate "2011.08.18"]

1. d4 d5 2. c4 c6 3. Nf3 Nf6 4. Nc3 e6 5. Bg5 h6 6. Bh4 Nbd7 7. e3 Be7 8. Bd3
O-O 9. O-O dxc4 10. Bxc4 b5 11. Bd3 a6 12. Ne5 Bb7 13. Rc1 c5 14. Bb1 Re8 15.
Qc2 cxd4 16. exd4 Nf8 17. Qd3 Rc8 18. a3 Qb6 19. f3 Rcd8 20. Bf2 Nd5 21. Nxd5
Bxd5 22. Qe2 Bf6 23. Qc2 Bg5 24. Qc7 Qxc7 25. Rxc7 Re7 26. Rxe7 Bxe7 27. Rc1 Bd6
28. Nc6 Rd7 29. Be4 Rc7 30. Bxd5 exd5 31. Bg3 Bxg3 32. hxg3 Ne6 33. Rc3 Kf8 34.
Kf2 Ke8 35. Ke3 f6 36. Kd3 Rc8 37. Nb4 Rc4 38. Nxa6 Rxd4+ 39. Kc2 Kd7 40. Nc5+
Nxc5 41. Rxc5 b4 42. axb4 Kd6 43. Kb3 h5 44. Rc2 g5 45. b5 Rd3+ 46. Kb4 Rd4+ 47.
Ka5 Rd3 48. b6 Rb3 49. Ka6 d4 50. b7 d3 51. Rc3 Rxb2 52. Rxd3+ Kc7 53. Rc3+ Kd7
54. Rc5 Ra2+ 55. Kb6 Rb2+ 56. Rb5 Rxb5+ 57. Kxb5 Kc7 58. Ka6 Kb8 59. Kb6 f5 60.
f4 gxf4 61. gxf4 h4 62. Kc6 1-0

[Event "Malaysian Open"]
[Site "Kuala Lumpur MAS"]
[Date "2011.08.18"]
[Round "2.10"]
[White "Morris, James"]
[Black "Bitoon, Richard"]
[Result "1-0"]
[WhiteTitle "IM"]
[BlackTitle "IM"]
[WhiteElo "2300"]
[BlackElo "2491"]
[WhiteFideId "3205800"]
[BlackFideId "5201110"]
[EventDate "2011.08.18"]

1. e4 d5 2. Nc3 dxe4 3. Nxe4 Nf6 4. Nxf6+ gxf6 5. d4 c6 6. g3 Qd5 7. Nf3 Bf5 8.
Be3 e6 9. Bg2 Qb5 10. b3 Na6 11. c4 Qa5+ 12. Bd2 Bb4 13. a3 Bxd2+ 14. Qxd2 Qxd2+
15. Kxd2 O-O-O 16. Kc3 Be4 17. Rhe1 f5 18. b4 Rd7 19. Rad1 Rhd8 20. Rd2 Nc7 21.
a4 Ne8 22. Nh4 Bxg2 23. Nxg2 Nf6 24. f3 a6 25. Re5 Rd6 26. Nf4 Kc7 27. Rd3 h5
28. b5 axb5 29. axb5 Ra8 30. b6+ Kd8 31. c5 Ra3+ 32. Kc2 Rxd3 33. Kxd3 Rd7 34.
Kc4 Kc8 35. Re1 Rd8 36. Nd3 Nd7 37. Kc3 Rg8 38. Nb2 f4 39. Rg1 Nf6 40. Nc4 Nd5+
41. Kd3 Kd7 42. g4 Ke7 43. Na5 Ra8 44. Ra1 1-0

[Event "Malaysian Open"]
[Site "Kuala Lumpur MAS"]
[Date "2011.08.18"]
[Round "2.11"]
[White "Wang, Jue"]
[Black "Gasanov, Eldar"]
[Result "1-0"]
[BlackTitle "GM"]
[WhiteElo "2294"]
[BlackElo "2472"]
[WhiteFideId "8604070"]
[BlackFideId "14104466"]
[EventDate "2011.08.18"]

1. e4 c6 2. d4 d5 3. Nc3 dxe4 4. Nxe4 Nd7 5. Ng5 Ngf6 6. Bd3 e6 7. N1f3 Bd6 8.
Qe2 h6 9. Ne4 Nxe4 10. Qxe4 Qc7 11. Bd2 b6 12. Qg4 Kf8 13. O-O Bb7 14. Rfe1 Nf6
15. Qh3 c5 16. c3 Rd8 17. Ne5 Bxe5 18. dxe5 Qc6 19. Re3 c4 20. exf6 Rxd3 21.
fxg7+ Kxg7 22. Rxd3 cxd3 23. Re1 Qd5 24. Re3 Qf5 25. Rg3+ Kf8 26. Qh4 Ke8 27.
Qa4+ Ke7 28. Qxa7 Qe4 29. Qxb6 Rd8 30. Qc5+ Rd6 31. Qe3 Qa4 32. h3 Qxa2 33. Rg7
Rd5 34. Qf4 Rf5 35. Qc7+ Kf8 36. Bxh6 Qd5 37. Rxf7+ 1-0

[Event "Malaysian Open"]
[Site "Kuala Lumpur MAS"]
[Date "2011.08.18"]
[Round "2.12"]
[White "Wan, Yunguo"]
[Black "Lim, Yee-Weng"]
[Result "1-0"]
[BlackTitle "IM"]
[WhiteElo "2462"]
[BlackElo "2253"]
[WhiteFideId "8603189"]
[BlackFideId "5700590"]
[EventDate "2011.08.18"]

1. e4 c5 2. Nf3 d6 3. d4 cxd4 4. Nxd4 Nf6 5. Nc3 g6 6. Be3 Bg7 7. f3 Nc6 8. Qd2
O-O 9. Bc4 Bd7 10. Bb3 Qa5 11. O-O-O Rfc8 12. g4 Ne5 13. Kb1 b5 14. g5 Ne8 15.
Nd5 Qd8 16. h4 a5 17. f4 Ng4 18. a3 e6 19. h5 exd5 20. hxg6 hxg6 21. f5 Rc5 22.
fxg6 fxg6 23. Nf5 Nxe3 24. Nxe3 Qxg5 25. Nxd5 Qxd2 26. Ne7+ 1-0

[Event "Malaysian Open"]
[Site "Kuala Lumpur MAS"]
[Date "2011.08.18"]
[Round "2.13"]
[White "Yee, Soon Wei"]
[Black "Nguyen, Duc Hoa"]
[Result "0-1"]
[WhiteTitle "FM"]
[BlackTitle "IM"]
[WhiteElo "2281"]
[BlackElo "2452"]
[WhiteFideId "10500553"]
[BlackFideId "12401358"]
[EventDate "2011.08.18"]

1. e4 c5 2. Nf3 Nc6 3. d4 cxd4 4. Nxd4 Qb6 5. Nb3 Nf6 6. Nc3 e6 7. Bd3 Bb4 8.
O-O O-O 9. Be3 Qc7 10. f4 Bxc3 11. bxc3 d6 12. Qf3 b6 13. Qh3 e5 14. f5 d5 15.
Qh4 dxe4 16. Bh6 gxh6 17. Qxf6 exd3 18. Rf3 Ne7 19. Rg3+ Ng6 20. cxd3 Bb7 21.
Re1 Rae8 22. h4 e4 23. Ree3 exd3 24. Rxd3 Re1+ 25. Kh2 Qf4 26. Nd2 Re6 0-1